00492pab a2200145 454500008004000000100001900040245009400059260000900153300001300162362000800175650003700183650005700220650003500277773003400312180718b1993 xxu||||| |||| 00| 0 eng d aGarain, Swapan aTrainng grassroots level workers in empowering the rural poorbthe case of an Indian NGO. c1993 ap.381-92 aJul aRural poor - Training of - India aNon governmental organizations - Training of - India aNon governmental organizations aIndian Journal of Social Work